000 00641cam a2200229 4500500
005 20260405002119.0
041 _afre
042 _adc
100 1 0 _aPortevin, Catherine
_eauthor
245 0 0 _aLe courage d’avoir peur
260 _c2015.
500 _a62
690 _aAttentat
690 _aHistoire
690 _aParis
690 _aPatrick Boucheron
690 _aPeur
690 _aTerreur
690 _aTerrorisme
786 0 _nPhilosophie magazine | 95 | 12-1 | 2015-12-01 | p. 42-44 | 1951-1787
856 4 1 _uhttps://shs.cairn.info/magazine-philosophie-magazine-2015-12-1-page-42?lang=fr&redirect-ssocas=7080
999 _c2054363
_d2054363